| 000 | 00704nam a2200253Ia 4500 | ||
|---|---|---|---|
| 003 | OSt | ||
| 005 | 20250818183954.0 | ||
| 008 | 210423s2007 xx 000 0 und d | ||
| 020 | _a98754262591 | ||
| 040 | _cAL | ||
| 041 | _aEnglish | ||
| 082 |
_a321 _bDREP |
||
| 100 |
_aJean Dreze _976940 |
||
| 245 |
_aPolitical economy of hunger _b: selected essays |
||
| 260 |
_aNew Delhi _bOxford University Press _c2007 |
||
| 300 | _bPB | ||
| 365 |
_b525 _cINR |
||
| 650 |
_aPolitical Science _976942 |
||
| 650 |
_aSystems of Governments _976944 |
||
| 700 |
_aSen, Amartya _9236289 |
||
| 700 |
_aHussain, Athar _9236290 |
||
| 906 | _aeconomy ; essays ; hunger: ; Political ; selected | ||
| 942 |
_2ddc _cBK |
||
| 999 |
_c155696 _d155696 |
||